[Event "April 9 Early 2024"]
[Site "Chess.com"]
[Date "2024.04.09"]
[Round "8"]
[White "Chemin, Vitorio"]
[Black "Czerwonski, Aleksander"]
[Result "1-0"]
[Board "172"]
[WhiteFideId "2100509"]
[BlackFideId "1100459"]
[WhiteTitle "FM"]
[BlackTitle "IM"]
[WhiteElo "2031"]
[BlackElo "2398"]
[WhiteTeam "BRA"]
[BlackTeam "POL"]
[WhiteClock "0:00:25"]
[BlackClock "0:00:16"]
[Variant "Standard"]

1. d4 {[%clk 0:02:54]}  d6 {[%clk 0:03:00]} 2. Nf3 {[%clk 0:02:53]}  Bg4 {[%clk 0:02:59]} 3. c4 {[%clk 0:02:52]}  Nd7 {[%clk 0:02:57]} 4. Nc3 {[%clk 0:02:50]}  e5 {[%clk 0:02:55]} 5. dxe5 {[%clk 0:02:45]}  dxe5 {[%clk 0:02:51]} 6. Qc2 {[%clk 0:02:40]}  Ngf6 {[%clk 0:02:47]} 7. h3 {[%clk 0:02:28]}  Bh5 {[%clk 0:02:39]} 8. Bg5 {[%clk 0:02:25]}  Be7 {[%clk 0:02:30]} 9. Rd1 {[%clk 0:02:16]}  O-O {[%clk 0:02:25]} 10. Nxe5 {[%clk 0:02:12]}  Qe8 {[%clk 0:02:17]} 11. Nxd7 {[%clk 0:02:07]}  Nxd7 {[%clk 0:02:17]} 12. Qf5 {[%clk 0:01:44]}  Bg6 {[%clk 0:02:05]} 13. Qxd7 {[%clk 0:01:40]}  Bxg5 {[%clk 0:02:03]} 14. Qxe8 {[%clk 0:01:35]}  Rfxe8 {[%clk 0:02:04]} 15. e3 {[%clk 0:01:29]}  c6 {[%clk 0:01:51]} 16. Be2 {[%clk 0:01:28]}  Bf6 {[%clk 0:01:50]} 17. O-O {[%clk 0:01:21]}  Bxc3 {[%clk 0:01:49]} 18. bxc3 {[%clk 0:01:20]}  Rad8 {[%clk 0:01:48]} 19. g4 {[%clk 0:01:09]}  Kf8 {[%clk 0:01:41]} 20. h4 {[%clk 0:01:00]}  Ke7 {[%clk 0:01:35]} 21. h5 {[%clk 0:00:58]}  Bc2 {[%clk 0:01:34]} 22. Rxd8 {[%clk 0:00:53]}  Rxd8 {[%clk 0:01:32]} 23. Rc1 {[%clk 0:00:52]}  Ba4 {[%clk 0:01:21]} 24. Rb1 {[%clk 0:00:48]}  b6 {[%clk 0:01:18]} 25. Rb2 {[%clk 0:00:48]}  Kd6 {[%clk 0:01:09]} 26. Rd2+ {[%clk 0:00:44]}  Kc7 {[%clk 0:01:10]} 27. Rxd8 {[%clk 0:00:44]}  Kxd8 {[%clk 0:01:11]} 28. f4 {[%clk 0:00:43]}  Ke7 {[%clk 0:01:10]} 29. Kf2 {[%clk 0:00:42]}  Kd6 {[%clk 0:01:09]} 30. Bd3 {[%clk 0:00:42]}  h6 {[%clk 0:01:07]} 31. Kf3 {[%clk 0:00:41]}  Kc5 {[%clk 0:01:02]} 32. Ke4 {[%clk 0:00:40]}  Bd1 {[%clk 0:01:00]} 33. Kf5 {[%clk 0:00:39]}  a5 {[%clk 0:00:57]} 34. e4 {[%clk 0:00:36]}  a4 {[%clk 0:00:55]} 35. e5 {[%clk 0:00:36]}  a3 {[%clk 0:00:54]} 36. e6 {[%clk 0:00:33]}  fxe6+ {[%clk 0:00:52]} 37. Kxe6 {[%clk 0:00:32]}  Bxg4+ {[%clk 0:00:51]} 38. Kf7 {[%clk 0:00:31]}  Bxh5+ {[%clk 0:00:45]} 39. Kxg7 {[%clk 0:00:31]}  Bd1 {[%clk 0:00:45]} 40. Kxh6 {[%clk 0:00:30]}  Bb3 {[%clk 0:00:43]} 41. f5 {[%clk 0:00:28]}  Kd6 {[%clk 0:00:35]} 42. f6 {[%clk 0:00:27]}  Bxa2 {[%clk 0:00:26]} 43. f7 {[%clk 0:00:26]}  Bb3 {[%clk 0:00:20]} 44. f8=Q+ {[%clk 0:00:26]}  Kc7 {[%clk 0:00:16]} 45. Qxa3 {[%clk 0:00:25]} 1-0

[Event "April 9 Early 2024"]
[Site "Chess.com"]
[Date "2024.04.09"]
[Round "8"]
[White "Bielinski, Dariusz"]
[Black "Iskusnyh, Sergei"]
[Result "0-1"]
[Board "173"]
[WhiteFideId "1109383"]
[BlackFideId "4120027"]
[WhiteTitle "CM"]
[BlackTitle "GM"]
[WhiteElo "2313"]
[BlackElo "2613"]
[WhiteTeam "POL"]
[BlackTeam "RUS"]
[WhiteClock "0:00:00"]
[BlackClock "0:01:09"]
[Variant "Standard"]

1. c4 {[%clk 0:03:00]}  e5 {[%clk 0:02:55]} 2. d3 {[%clk 0:02:59]}  Nf6 {[%clk 0:02:53]} 3. Nf3 {[%clk 0:02:59]}  Nc6 {[%clk 0:02:53]} 4. Bg5 {[%clk 0:02:59]}  Be7 {[%clk 0:02:52]} 5. Nc3 {[%clk 0:02:58]}  O-O {[%clk 0:02:50]} 6. g3 {[%clk 0:02:58]}  h6 {[%clk 0:02:49]} 7. Bxf6 {[%clk 0:02:58]}  Bxf6 {[%clk 0:02:50]} 8. Bg2 {[%clk 0:02:58]}  d6 {[%clk 0:02:49]} 9. O-O {[%clk 0:02:57]}  Be6 {[%clk 0:02:49]} 10. Rb1 {[%clk 0:02:57]}  Qd7 {[%clk 0:02:48]} 11. b4 {[%clk 0:02:55]}  Bd8 {[%clk 0:02:42]} 12. b5 {[%clk 0:02:54]}  Ne7 {[%clk 0:02:42]} 13. Nd2 {[%clk 0:02:25]}  Rb8 {[%clk 0:02:41]} 14. Qa4 {[%clk 0:02:20]}  Nc8 {[%clk 0:02:28]} 15. Nd5 {[%clk 0:02:11]}  f5 {[%clk 0:02:13]} 16. e3 {[%clk 0:02:00]}  a6 {[%clk 0:02:13]} 17. Nc3 {[%clk 0:01:44]}  axb5 {[%clk 0:02:10]} 18. Qxb5 {[%clk 0:01:42]}  Qf7 {[%clk 0:01:57]} 19. f4 {[%clk 0:01:26]}  c6 {[%clk 0:01:48]} 20. Qb4 {[%clk 0:01:13]}  exf4 {[%clk 0:01:38]} 21. gxf4 {[%clk 0:00:58]}  Bb6 {[%clk 0:01:24]} 22. Rbe1 {[%clk 0:00:41]}  Bc5 {[%clk 0:01:18]} 23. Qb2 {[%clk 0:00:39]}  Ne7 {[%clk 0:01:17]} 24. Kh1 {[%clk 0:00:38]}  b5 {[%clk 0:01:16]} 25. cxb5 {[%clk 0:00:37]}  cxb5 {[%clk 0:01:17]} 26. Nb3 {[%clk 0:00:24]}  b4 {[%clk 0:01:10]} 27. Na4 {[%clk 0:00:19]}  Ba7 {[%clk 0:01:10]} 28. e4 {[%clk 0:00:00]}  Bd7 {[%clk 0:01:09]} 0-1

[Event "April 9 Early 2024"]
[Site "Chess.com"]
[Date "2024.04.09"]
[Round "8"]
[White "Rose, Felix"]
[Black "Andreev, Konstantin"]
[Result "1-0"]
[Board "175"]
[WhiteFideId "5105722"]
[BlackFideId "24239305"]
[WhiteTitle "CM"]
[BlackTitle "FM"]
[WhiteElo "2310"]
[BlackElo "2517"]
[WhiteTeam "MEX"]
[BlackTeam "ITA"]
[WhiteClock "0:00:11"]
[BlackClock "0:00:00"]
[Variant "Standard"]

1. Nf3 {[%clk 0:02:59]}  Nf6 {[%clk 0:02:56]} 2. d4 {[%clk 0:02:52]}  d5 {[%clk 0:02:53]} 3. Bf4 {[%clk 0:02:51]}  c5 {[%clk 0:02:52]} 4. e3 {[%clk 0:02:51]}  Nc6 {[%clk 0:02:49]} 5. Nbd2 {[%clk 0:02:47]}  Bf5 {[%clk 0:02:45]} 6. Bb5 {[%clk 0:02:44]}  a6 {[%clk 0:02:41]} 7. Bxc6+ {[%clk 0:02:42]}  bxc6 {[%clk 0:02:42]} 8. O-O {[%clk 0:02:41]}  e6 {[%clk 0:02:39]} 9. Ne5 {[%clk 0:02:41]}  Qc8 {[%clk 0:02:33]} 10. c4 {[%clk 0:02:30]}  h6 {[%clk 0:02:26]} 11. Qa4 {[%clk 0:02:28]}  Nd7 {[%clk 0:01:50]} 12. Nxd7 {[%clk 0:01:56]}  Qxd7 {[%clk 0:01:47]} 13. Rac1 {[%clk 0:01:41]}  cxd4 {[%clk 0:01:42]} 14. exd4 {[%clk 0:01:39]}  Be7 {[%clk 0:01:40]} 15. Rfe1 {[%clk 0:01:29]}  Rd8 {[%clk 0:01:07]} 16. Qxa6 {[%clk 0:01:09]}  O-O {[%clk 0:01:04]} 17. cxd5 {[%clk 0:01:08]}  Qxd5 {[%clk 0:00:56]} 18. Be3 {[%clk 0:00:33]}  c5 {[%clk 0:00:49]} 19. dxc5 {[%clk 0:00:26]}  Bd3 {[%clk 0:00:48]} 20. Qa7 {[%clk 0:00:18]}  Bf6 {[%clk 0:00:42]} 21. c6 {[%clk 0:00:14]}  Bxb2 {[%clk 0:00:38]} 22. Rc5 {[%clk 0:00:15]}  Qd6 {[%clk 0:00:27]} 23. c7 {[%clk 0:00:15]}  Ra8 {[%clk 0:00:26]} 24. Qb7 {[%clk 0:00:14]}  Rac8 {[%clk 0:00:06]} 25. Qxb2 {[%clk 0:00:13]}  e5 {[%clk 0:00:05]} 26. Qxe5 {[%clk 0:00:13]}  Qa6 {[%clk 0:00:06]} 27. Qc3 {[%clk 0:00:12]}  Bg6 {[%clk 0:00:05]} 28. a3 {[%clk 0:00:12]}  Rfe8 {[%clk 0:00:04]} 29. h3 {[%clk 0:00:12]}  Re7 {[%clk 0:00:04]} 30. Nf3 {[%clk 0:00:12]}  Kh7 {[%clk 0:00:05]} 31. Ne5 {[%clk 0:00:12]}  Bf5 {[%clk 0:00:00]} 32. Nc6 {[%clk 0:00:11]} 1-0

[Event "April 9 Early 2024"]
[Site "Chess.com"]
[Date "2024.04.09"]
[Round "8"]
[White "Dwilewicz, Katarzyna"]
[Black "Vincenti, Leonardo"]
[Result "0-1"]
[Board "178"]
[WhiteFideId "1148486"]
[BlackFideId "28550820"]
[WhiteTitle "WFM"]
[BlackTitle "CM"]
[WhiteElo "2464"]
[BlackElo "2278"]
[WhiteTeam "POL"]
[BlackTeam "ITA"]
[WhiteClock "0:00:34"]
[BlackClock "0:01:30"]
[Variant "Standard"]

1. e4 {[%clk 0:03:00]}  e5 {[%clk 0:02:59]} 2. Nf3 {[%clk 0:02:59]}  Nf6 {[%clk 0:02:58]} 3. Nc3 {[%clk 0:02:56]}  Nc6 {[%clk 0:02:58]} 4. d4 {[%clk 0:02:57]}  exd4 {[%clk 0:02:58]} 5. Nxd4 {[%clk 0:02:58]}  Bb4 {[%clk 0:02:58]} 6. Nxc6 {[%clk 0:02:58]}  bxc6 {[%clk 0:02:59]} 7. Bd3 {[%clk 0:02:58]}  d5 {[%clk 0:03:00]} 8. exd5 {[%clk 0:02:58]}  cxd5 {[%clk 0:03:00]} 9. O-O {[%clk 0:02:58]}  O-O {[%clk 0:03:00]} 10. Bg5 {[%clk 0:02:58]}  c6 {[%clk 0:03:00]} 11. Qf3 {[%clk 0:02:57]}  Bd6 {[%clk 0:02:55]} 12. Rfe1 {[%clk 0:02:57]}  Rb8 {[%clk 0:02:54]} 13. b3 {[%clk 0:02:55]}  Bb4 {[%clk 0:02:42]} 14. Bd2 {[%clk 0:02:30]}  Bg4 {[%clk 0:02:38]} 15. Qg3 {[%clk 0:02:30]}  Re8 {[%clk 0:02:16]} 16. h3 {[%clk 0:02:25]}  Be6 {[%clk 0:02:12]} 17. a3 {[%clk 0:02:18]}  Bf8 {[%clk 0:02:08]} 18. Ne2 {[%clk 0:02:12]}  c5 {[%clk 0:02:04]} 19. Nf4 {[%clk 0:02:06]}  c4 {[%clk 0:02:01]} 20. Nxe6 {[%clk 0:02:03]}  fxe6 {[%clk 0:01:54]} 21. Bf1 {[%clk 0:01:42]}  cxb3 {[%clk 0:01:48]} 22. cxb3 {[%clk 0:01:41]}  Ne4 {[%clk 0:01:45]} 23. Qd3 {[%clk 0:01:34]}  Nc5 {[%clk 0:01:43]} 24. Qc2 {[%clk 0:01:18]}  Nxb3 {[%clk 0:01:43]} 25. Rab1 {[%clk 0:01:18]}  Nxd2 {[%clk 0:01:42]} 26. Rxb8 {[%clk 0:01:12]}  Nf3+ {[%clk 0:01:38]} 27. gxf3 {[%clk 0:01:07]}  Qxb8 {[%clk 0:01:38]} 28. Bd3 {[%clk 0:01:04]}  g6 {[%clk 0:01:33]} 29. Kh1 {[%clk 0:01:02]}  Qf4 {[%clk 0:01:31]} 30. Qe2 {[%clk 0:00:34]}  Bd6 {[%clk 0:01:30]} 0-1

[Event "April 9 Early 2024"]
[Site "Chess.com"]
[Date "2024.04.10"]
[Round "8"]
[White "Krivenko, Dion"]
[Black "Denis Kozlov"]
[Result "1-0"]
[Board "179"]
[WhiteFideId "4508378"]
[BlackFideId "54104319"]
[WhiteTitle "CM"]
[BlackTitle "FM"]
[WhiteElo "2440"]
[BlackElo "2263"]
[WhiteTeam "EST"]
[BlackTeam "RUS"]
[WhiteClock "0:00:14"]
[BlackClock "0:00:03"]
[Variant "Standard"]

1. f4 {[%clk 0:03:00]}  Nc6 {[%clk 0:02:57]} 2. Nf3 {[%clk 0:02:59]}  d5 {[%clk 0:02:56]} 3. g3 {[%clk 0:02:59]}  Bg4 {[%clk 0:02:57]} 4. Bg2 {[%clk 0:02:59]}  h5 {[%clk 0:02:56]} 5. h3 {[%clk 0:02:54]}  Bxf3 {[%clk 0:02:56]} 6. Bxf3 {[%clk 0:02:54]}  e5 {[%clk 0:02:56]} 7. d3 {[%clk 0:02:54]}  Bd6 {[%clk 0:02:43]} 8. e3 {[%clk 0:02:42]}  Nge7 {[%clk 0:02:33]} 9. O-O {[%clk 0:02:41]}  Qd7 {[%clk 0:02:24]} 10. Bg2 {[%clk 0:02:35]}  d4 {[%clk 0:02:03]} 11. e4 {[%clk 0:02:32]}  h4 {[%clk 0:01:54]} 12. g4 {[%clk 0:02:31]}  exf4 {[%clk 0:01:47]} 13. Bxf4 {[%clk 0:02:28]}  Ng6 {[%clk 0:01:28]} 14. Bxd6 {[%clk 0:02:24]}  Qxd6 {[%clk 0:01:29]} 15. Nd2 {[%clk 0:02:23]}  O-O-O {[%clk 0:01:16]} 16. Nc4 {[%clk 0:02:15]}  Qe7 {[%clk 0:01:07]} 17. a4 {[%clk 0:02:03]}  Nce5 {[%clk 0:01:07]} 18. b3 {[%clk 0:02:00]}  f6 {[%clk 0:00:57]} 19. a5 {[%clk 0:01:59]}  a6 {[%clk 0:00:54]} 20. Qd2 {[%clk 0:01:54]}  Qe6 {[%clk 0:00:45]} 21. Rf5 {[%clk 0:01:49]}  Ne7 {[%clk 0:00:35]} 22. Rf2 {[%clk 0:01:41]}  N7g6 {[%clk 0:00:18]} 23. Rb1 {[%clk 0:01:38]}  Rhe8 {[%clk 0:00:16]} 24. Nxe5 {[%clk 0:01:35]}  fxe5 {[%clk 0:00:15]} 25. b4 {[%clk 0:01:36]}  Rf8 {[%clk 0:00:14]} 26. Rf5 {[%clk 0:01:36]}  Nf4 {[%clk 0:00:13]} 27. b5 {[%clk 0:01:32]}  axb5 {[%clk 0:00:13]} 28. Rxb5 {[%clk 0:01:30]}  Rxf5 {[%clk 0:00:11]} 29. exf5 {[%clk 0:01:29]}  Qa2 {[%clk 0:00:10]} 30. Bxb7+ {[%clk 0:01:25]}  Kd7 {[%clk 0:00:11]} 31. Bg2 {[%clk 0:01:22]}  Qa1+ {[%clk 0:00:11]} 32. Kh2 {[%clk 0:01:21]}  Re8 {[%clk 0:00:11]} 33. Qf2 {[%clk 0:00:41]}  Qc1 {[%clk 0:00:07]} 34. Qf3 {[%clk 0:00:29]}  Kd8 {[%clk 0:00:04]} 35. Qa8+ {[%clk 0:00:25]}  Kd7 {[%clk 0:00:04]} 36. Qc6+ {[%clk 0:00:16]}  Ke7 {[%clk 0:00:03]} 37. Rxe5+ {[%clk 0:00:15]}  Kf7 {[%clk 0:00:02]} 38. Qxe8+ {[%clk 0:00:15]}  Kf6 {[%clk 0:00:03]} 39. Qe7# {[%clk 0:00:14]} 1-0

[Event "April 9 Early 2024"]
[Site "Chess.com"]
[Date "2024.04.09"]
[Round "8"]
[White "Kostiukov, Alexandr"]
[Black "Shevchuk, Olexandr"]
[Result "0-1"]
[Board "180"]
[WhiteFideId "14108100"]
[BlackFideId "14113775"]
[WhiteElo "2256"]
[BlackElo "2438"]
[WhiteTeam "UKR"]
[BlackTeam "UKR"]
[WhiteClock "0:00:00"]
[BlackClock "0:00:58"]
[Variant "Standard"]

1. g3 {[%clk 0:02:52]}  d5 {[%clk 0:02:59]} 2. Bg2 {[%clk 0:02:52]}  c6 {[%clk 0:03:00]} 3. d3 {[%clk 0:02:52]}  Nf6 {[%clk 0:03:01]} 4. e4 {[%clk 0:02:53]}  dxe4 {[%clk 0:03:00]} 5. dxe4 {[%clk 0:02:53]}  Qxd1+ {[%clk 0:03:00]} 6. Kxd1 {[%clk 0:02:54]}  Nbd7 {[%clk 0:02:55]} 7. f3 {[%clk 0:02:53]}  e5 {[%clk 0:02:49]} 8. Be3 {[%clk 0:02:53]}  Nc5 {[%clk 0:02:49]} 9. Ke2 {[%clk 0:02:54]}  Ne6 {[%clk 0:02:50]} 10. c3 {[%clk 0:02:53]}  Nd7 {[%clk 0:02:50]} 11. Nd2 {[%clk 0:02:47]}  b6 {[%clk 0:02:50]} 12. Nh3 {[%clk 0:02:45]}  f6 {[%clk 0:02:50]} 13. Rhd1 {[%clk 0:02:40]}  Bc5 {[%clk 0:02:50]} 14. Bxc5 {[%clk 0:01:56]}  Ndxc5 {[%clk 0:02:35]} 15. Nf2 {[%clk 0:01:54]}  Ke7 {[%clk 0:02:35]} 16. Ke1 {[%clk 0:01:51]}  Rd8 {[%clk 0:02:35]} 17. b3 {[%clk 0:01:44]}  a5 {[%clk 0:02:33]} 18. Bf1 {[%clk 0:01:40]}  b5 {[%clk 0:02:31]} 19. Be2 {[%clk 0:01:23]}  Bb7 {[%clk 0:02:27]} 20. Nf1 {[%clk 0:01:20]}  g6 {[%clk 0:02:25]} 21. Rxd8 {[%clk 0:01:18]}  Nxd8 {[%clk 0:02:21]} 22. Ne3 {[%clk 0:01:16]}  Nf7 {[%clk 0:02:21]} 23. Nd3 {[%clk 0:01:15]}  Nxd3+ {[%clk 0:02:17]} 24. Bxd3 {[%clk 0:01:16]}  Nd6 {[%clk 0:02:18]} 25. a4 {[%clk 0:01:08]}  h5 {[%clk 0:01:58]} 26. Ke2 {[%clk 0:01:01]}  Kd7 {[%clk 0:01:57]} 27. Nc2 {[%clk 0:00:58]}  Kc7 {[%clk 0:01:56]} 28. b4 {[%clk 0:00:50]}  axb4 {[%clk 0:01:52]} 29. axb5 {[%clk 0:00:26]}  Rxa1 {[%clk 0:01:51]} 30. Nxa1 {[%clk 0:00:26]}  bxc3 {[%clk 0:01:47]} 31. bxc6 {[%clk 0:00:25]}  Bxc6 {[%clk 0:01:44]} 32. Kd1 {[%clk 0:00:25]}  Kb6 {[%clk 0:01:45]} 33. Kc2 {[%clk 0:00:24]}  Kc5 {[%clk 0:01:41]} 34. Kxc3 {[%clk 0:00:23]}  Ba4 {[%clk 0:01:42]} 35. Nc2 {[%clk 0:00:18]}  Bxc2 {[%clk 0:01:42]} 36. Kxc2 {[%clk 0:00:19]}  Kd4 {[%clk 0:01:42]} 37. Kd2 {[%clk 0:00:18]}  g5 {[%clk 0:01:40]} 38. h4 {[%clk 0:00:15]}  gxh4 {[%clk 0:01:40]} 39. gxh4 {[%clk 0:00:15]}  Ne8 {[%clk 0:01:13]} 40. Bb5 {[%clk 0:00:12]}  Nc7 {[%clk 0:01:11]} 41. Bd7 {[%clk 0:00:12]}  Kc5 {[%clk 0:01:11]} 42. Ke3 {[%clk 0:00:10]}  Kd6 {[%clk 0:01:11]} 43. Bf5 {[%clk 0:00:10]}  Ke7 {[%clk 0:01:07]} 44. Bg6 {[%clk 0:00:10]}  Ne6 {[%clk 0:01:08]} 45. Bxh5 {[%clk 0:00:10]}  Nf4 {[%clk 0:01:09]} 46. Bg4 {[%clk 0:00:10]}  Ng2+ {[%clk 0:01:09]} 47. Kf2 {[%clk 0:00:09]}  Nxh4 {[%clk 0:01:10]} 48. Ke3 {[%clk 0:00:10]}  Kd6 {[%clk 0:01:10]} 49. Kd3 {[%clk 0:00:09]}  Kc5 {[%clk 0:01:10]} 50. Ke3 {[%clk 0:00:09]}  Ng2+ {[%clk 0:01:09]} 51. Kf2 {[%clk 0:00:09]}  Nf4 {[%clk 0:01:07]} 52. Ke3 {[%clk 0:00:10]}  Kc4 {[%clk 0:01:08]} 53. Bf5 {[%clk 0:00:10]}  Kc3 {[%clk 0:01:08]} 54. Bg4 {[%clk 0:00:09]}  Ng6 {[%clk 0:01:08]} 55. Be6 {[%clk 0:00:07]}  Nh4 {[%clk 0:01:02]} 56. Bf5 {[%clk 0:00:05]}  Ng2+ {[%clk 0:00:57]} 57. Kf2 {[%clk 0:00:05]}  Nf4 {[%clk 0:00:57]} 58. Ke3 {[%clk 0:00:05]}  Kc2 {[%clk 0:00:57]} 59. Bd7 {[%clk 0:00:02]}  Kd1 {[%clk 0:00:58]} 60. Bb5 {[%clk 0:00:01]}  Ke1 {[%clk 0:00:58]} 61. Ba6 {[%clk 0:00:00]}  Ng2+ {[%clk 0:00:58]} 0-1

[Event "April 9 Early 2024"]
[Site "Chess.com"]
[Date "2024.04.09"]
[Round "8"]
[White "Emeliantsev, Anatoliy"]
[Black "Tang, Zoey"]
[Result "0-1"]
[Board "181"]
[WhiteFideId "4160681"]
[BlackFideId "30952530"]
[WhiteTitle "FM"]
[BlackTitle "FM"]
[WhiteElo "2253"]
[BlackElo "2425"]
[WhiteTeam "RUS"]
[BlackTeam "USA"]
[WhiteClock "0:00:06"]
[BlackClock "0:01:38"]
[Variant "Standard"]

1. d4 {[%clk 0:03:00]}  Nf6 {[%clk 0:02:59]} 2. c4 {[%clk 0:03:00]}  e6 {[%clk 0:02:59]} 3. Nc3 {[%clk 0:03:00]}  Bb4 {[%clk 0:03:00]} 4. e3 {[%clk 0:03:00]}  b6 {[%clk 0:02:57]} 5. Bd3 {[%clk 0:03:00]}  Bb7 {[%clk 0:02:56]} 6. Nf3 {[%clk 0:03:00]}  O-O {[%clk 0:02:55]} 7. O-O {[%clk 0:03:00]}  c5 {[%clk 0:02:49]} 8. Nb5 {[%clk 0:02:57]}  cxd4 {[%clk 0:02:47]} 9. a3 {[%clk 0:02:51]}  Be7 {[%clk 0:02:43]} 10. Nbxd4 {[%clk 0:02:40]}  d6 {[%clk 0:02:41]} 11. b4 {[%clk 0:02:39]}  e5 {[%clk 0:02:40]} 12. Nf5 {[%clk 0:02:29]}  e4 {[%clk 0:02:39]} 13. Ng5 {[%clk 0:02:10]}  exd3 {[%clk 0:02:37]} 14. Qxd3 {[%clk 0:02:11]}  h6 {[%clk 0:02:30]} 15. Nh3 {[%clk 0:02:00]}  Be4 {[%clk 0:02:25]} 16. Nxe7+ {[%clk 0:01:57]}  Qxe7 {[%clk 0:02:26]} 17. Qc3 {[%clk 0:01:57]}  Bb7 {[%clk 0:02:23]} 18. Bb2 {[%clk 0:01:54]}  Nbd7 {[%clk 0:02:23]} 19. Nf4 {[%clk 0:01:53]}  Ne5 {[%clk 0:02:17]} 20. Rac1 {[%clk 0:01:18]}  Ne4 {[%clk 0:02:11]} 21. Qd4 {[%clk 0:01:11]}  Ng5 {[%clk 0:02:09]} 22. Kh1 {[%clk 0:00:52]}  Ngf3 {[%clk 0:02:03]} 23. gxf3 {[%clk 0:00:36]}  Bxf3+ {[%clk 0:02:03]} 24. Ng2 {[%clk 0:00:33]}  Qg5 {[%clk 0:01:54]} 25. Rg1 {[%clk 0:00:33]}  Qh5 {[%clk 0:01:49]} 26. Qf4 {[%clk 0:00:09]}  Nd3 {[%clk 0:01:38]} 27. Qd4 {[%clk 0:00:06]}  Nxf2# {[%clk 0:01:38]} 0-1

[Event "April 9 Early 2024"]
[Site "Chess.com"]
[Date "2024.04.09"]
[Round "8"]
[White "Ho, In Hei Henry"]
[Black "Koridze, Lile"]
[Result "1-0"]
[Board "189"]
[WhiteFideId "6002552"]
[BlackFideId "13612514"]
[WhiteTitle "FM"]
[BlackTitle "WFM"]
[WhiteElo "2164"]
[BlackElo "2364"]
[WhiteTeam "HKG"]
[BlackTeam "GEO"]
[WhiteClock "0:00:46"]
[BlackClock "0:00:27"]
[Variant "Standard"]

1. d4 {[%clk 0:03:00]}  Nf6 {[%clk 0:02:59]} 2. c4 {[%clk 0:03:01]}  e6 {[%clk 0:02:59]} 3. Nf3 {[%clk 0:03:01]}  d5 {[%clk 0:02:59]} 4. Nc3 {[%clk 0:03:01]}  Bb4 {[%clk 0:02:59]} 5. cxd5 {[%clk 0:02:59]}  exd5 {[%clk 0:02:58]} 6. Bg5 {[%clk 0:03:00]}  O-O {[%clk 0:02:58]} 7. e3 {[%clk 0:02:59]}  c6 {[%clk 0:02:58]} 8. Be2 {[%clk 0:02:56]}  Nbd7 {[%clk 0:02:58]} 9. O-O {[%clk 0:02:56]}  h6 {[%clk 0:02:57]} 10. Bh4 {[%clk 0:02:56]}  Bd6 {[%clk 0:02:55]} 11. Bg3 {[%clk 0:02:55]}  Qe7 {[%clk 0:02:54]} 12. a3 {[%clk 0:02:50]}  Ne4 {[%clk 0:02:54]} 13. Nxe4 {[%clk 0:02:48]}  dxe4 {[%clk 0:02:54]} 14. Nd2 {[%clk 0:02:49]}  Bxg3 {[%clk 0:02:53]} 15. hxg3 {[%clk 0:02:48]}  Nf6 {[%clk 0:02:54]} 16. b4 {[%clk 0:02:44]}  Nd5 {[%clk 0:02:51]} 17. Qc2 {[%clk 0:02:38]}  Bf5 {[%clk 0:02:50]} 18. Nb3 {[%clk 0:02:34]}  Qg5 {[%clk 0:02:49]} 19. Qd2 {[%clk 0:02:28]}  Rad8 {[%clk 0:02:40]} 20. Nc5 {[%clk 0:02:27]}  b6 {[%clk 0:02:40]} 21. Nb3 {[%clk 0:02:27]}  Nf6 {[%clk 0:02:40]} 22. Rac1 {[%clk 0:02:25]}  Bg4 {[%clk 0:02:40]} 23. Rxc6 {[%clk 0:02:20]}  Qh5 {[%clk 0:02:37]} 24. Rxf6 {[%clk 0:02:06]}  gxf6 {[%clk 0:02:12]} 25. Ba6 {[%clk 0:01:52]}  Be6 {[%clk 0:02:07]} 26. Nc1 {[%clk 0:01:46]}  b5 {[%clk 0:02:05]} 27. Ne2 {[%clk 0:01:44]}  Bc4 {[%clk 0:02:06]} 28. Nf4 {[%clk 0:01:43]}  Qg4 {[%clk 0:02:05]} 29. Rc1 {[%clk 0:01:40]}  h5 {[%clk 0:01:56]} 30. a4 {[%clk 0:01:39]}  Qf5 {[%clk 0:01:52]} 31. Qc3 {[%clk 0:01:25]}  Rd6 {[%clk 0:01:46]} 32. Bxb5 {[%clk 0:01:24]}  Bxb5 {[%clk 0:01:46]} 33. axb5 {[%clk 0:01:24]}  Qxb5 {[%clk 0:01:47]} 34. Qc5 {[%clk 0:01:23]}  Rb6 {[%clk 0:01:23]} 35. Nxh5 {[%clk 0:01:19]}  Qe2 {[%clk 0:01:18]} 36. Qf5 {[%clk 0:01:15]}  Qd2 {[%clk 0:01:14]} 37. Rc7 {[%clk 0:01:08]}  Qd1+ {[%clk 0:01:08]} 38. Kh2 {[%clk 0:01:07]}  Rd8 {[%clk 0:00:44]} 39. g4 {[%clk 0:00:53]}  Kf8 {[%clk 0:00:36]} 40. Nxf6 {[%clk 0:00:50]}  Rdd6 {[%clk 0:00:27]} 41. Nh7+ {[%clk 0:00:46]}  Ke8 {[%clk 0:00:26]} 42. Qxf7+ {[%clk 0:00:45]}  Kd8 {[%clk 0:00:27]} 43. Qe7# {[%clk 0:00:46]} 1-0

[Event "April 9 Early 2024"]
[Site "Chess.com"]
[Date "2024.04.09"]
[Round "8"]
[White "Tarasova, Viktoriya"]
[Black "Mende, Andreas"]
[Result "1-0"]
[Board "194"]
[WhiteFideId "4175840"]
[BlackFideId "4631102"]
[WhiteTitle "WIM"]
[BlackTitle "CM"]
[WhiteElo "2336"]
[BlackElo "2016"]
[WhiteTeam "RUS"]
[BlackTeam "GER"]
[WhiteClock "0:02:11"]
[BlackClock "0:00:52"]
[Variant "Standard"]

1. d4 {[%clk 0:03:00]}  Nf6 {[%clk 0:02:59]} 2. c4 {[%clk 0:02:57]}  g6 {[%clk 0:02:59]} 3. Nc3 {[%clk 0:02:56]}  d5 {[%clk 0:02:59]} 4. cxd5 {[%clk 0:02:56]}  Nxd5 {[%clk 0:02:58]} 5. g3 {[%clk 0:02:56]}  Nxc3 {[%clk 0:02:57]} 6. bxc3 {[%clk 0:02:56]}  Bg7 {[%clk 0:02:57]} 7. Bg2 {[%clk 0:02:57]}  O-O {[%clk 0:02:57]} 8. e3 {[%clk 0:02:57]}  c5 {[%clk 0:02:57]} 9. Ne2 {[%clk 0:02:57]}  Nc6 {[%clk 0:02:53]} 10. O-O {[%clk 0:02:57]}  Qa5 {[%clk 0:02:52]} 11. d5 {[%clk 0:02:56]}  Ne5 {[%clk 0:02:50]} 12. Qc2 {[%clk 0:02:55]}  Nc4 {[%clk 0:02:45]} 13. e4 {[%clk 0:02:53]}  e5 {[%clk 0:02:39]} 14. f4 {[%clk 0:02:52]}  Bg4 {[%clk 0:02:35]} 15. f5 {[%clk 0:02:51]}  Bxe2 {[%clk 0:02:31]} 16. Qxe2 {[%clk 0:02:50]}  Qxc3 {[%clk 0:02:31]} 17. Bg5 {[%clk 0:02:48]}  f6 {[%clk 0:02:23]} 18. Rac1 {[%clk 0:02:31]}  Qd4+ {[%clk 0:02:22]} 19. Kh1 {[%clk 0:02:32]}  Nd6 {[%clk 0:01:59]} 20. Be3 {[%clk 0:02:29]}  Qa4 {[%clk 0:01:51]} 21. Bxc5 {[%clk 0:02:29]}  Rfd8 {[%clk 0:01:51]} 22. Bxd6 {[%clk 0:02:26]}  Rxd6 {[%clk 0:01:51]} 23. Rc7 {[%clk 0:02:27]}  b5 {[%clk 0:01:35]} 24. Rfc1 {[%clk 0:02:25]}  Rad8 {[%clk 0:01:33]} 25. fxg6 {[%clk 0:02:23]}  hxg6 {[%clk 0:01:33]} 26. Bh3 {[%clk 0:02:23]}  Kh7 {[%clk 0:01:18]} 27. Be6 {[%clk 0:02:19]}  a6 {[%clk 0:01:11]} 28. Qg4 {[%clk 0:02:18]}  Rxe6 {[%clk 0:00:58]} 29. Qh3+ {[%clk 0:02:16]}  Kg8 {[%clk 0:00:54]} 30. Qxe6+ {[%clk 0:02:15]}  Kh7 {[%clk 0:00:55]} 31. Qh3+ {[%clk 0:02:11]}  Kg8 {[%clk 0:00:53]} 32. Rxg7+ {[%clk 0:02:10]}  Kxg7 {[%clk 0:00:53]} 33. Rc7+ {[%clk 0:02:11]}  Kf8 {[%clk 0:00:52]} 34. Qh8# {[%clk 0:02:11]} 1-0